|
|
|
|
| LEADER |
00000cam a2200000 4500 |
| 001 |
vtls012075138 |
| 003 |
SK-MaSNL |
| 005 |
20260301150715.0 |
| 008 |
211026s2021 xr al f np 001 0 cze |
| 020 |
|
|
|a 9788027134212
|q (brožované)
|
| 040 |
|
|
|a SNK
|b slo
|e rda
|c SNK
|
| 041 |
0 |
|
|a cze
|
| 044 |
|
|
|a xr
|c CZ
|
| 072 |
|
7 |
|a 519
|x Kombinatorika. Teória grafov. Matematická štatistika. Operačný výskum. Matematické modelovanie
|2 konspekt
|
| 072 |
|
7 |
|a 37.016
|x Učebné osnovy. Vyučovacie predmety. Učebnice
|2 konspekt
|
| 080 |
|
|
|a 311
|2 2011
|
| 080 |
|
|
|a 519.21
|2 2011
|
| 080 |
|
|
|a 519.22
|2 2011
|
| 080 |
|
|
|a 519.23/.24
|2 2011
|
| 080 |
|
|
|a (075.8)
|2 2011
|
| 100 |
1 |
|
|a Neubauer, Jiří,
|d 1975-
|4 aut
|9 508327
|
| 245 |
1 |
0 |
|a Základy statistiky
|b aplikace v technických a ekonomických oborech
|c Jiří Neubauer, Marek Sedlačík, Oldřich Kříž
|
| 250 |
|
|
|a 3., rozšířené vydání
|
| 264 |
|
1 |
|a Praha
|b Grada Publishing
|c 2021
|
| 300 |
|
|
|a 296 strán
|b grafy, schémy
|c 24 cm
|
| 336 |
|
|
|a text
|b txt
|2 rdacontent
|
| 337 |
|
|
|a bez média
|b n
|2 rdamedia
|
| 338 |
|
|
|a zväzok
|b nc
|2 rdacarrier
|
| 500 |
|
|
|a Obsahuje biografické a profesijné informácie o autoroch
|
| 504 |
|
|
|a Obsahuje bibliografiu na strane 291-292, bibliografické odkazy a register
|
| 650 |
0 |
7 |
|a štatistika
|2 SNKPH
|9 778
|
| 650 |
0 |
7 |
|a teória pravdepodobnosti
|2 SNKPH
|9 104068
|
| 650 |
0 |
7 |
|a matematická štatistika
|2 SNKPH
|9 777
|
| 650 |
0 |
7 |
|a štatistické metódy
|2 SNKPH
|9 779
|
| 650 |
0 |
7 |
|a Statistics
|2 SNKPHeng
|9 266405
|
| 650 |
0 |
7 |
|a Probability theory
|2 SNKPHeng
|9 275380
|
| 650 |
0 |
7 |
|a Mathematical statistics
|2 SNKPHeng
|9 313003
|
| 650 |
0 |
7 |
|a Statistical methods
|2 SNKPHeng
|9 276989
|
| 655 |
|
7 |
|a učebnice vysokých škôl
|2 SNKPH
|9 70191
|
| 655 |
|
7 |
|a Textbooks (higher)
|2 SNKPHeng
|9 276436
|
| 700 |
1 |
|
|a Sedlačík, Marek,
|d 1975-
|4 aut
|9 508328
|
| 700 |
1 |
|
|a Kříž, Oldřich,
|d 1945-
|4 aut
|9 508329
|
| 852 |
|
|
|a Slovenská národná knižnica
|
| 919 |
|
|
|a 978-80-271-3421-2
|
| 954 |
|
|
|a odborná, vedecká literatúra cudzojazyčná (svetová)
|2 lita
|
| 958 |
|
|
|a NB
|
| 999 |
|
|
|c 784355
|d 786285
|
| 952 |
|
|
|t snkNEU 519.22
|a SNKUST
|b SNKUST
|y PREZ
|7 0
|p 17A1532279
|o snkIC 147513
|i snk2023/10305
|8 4
|g 14.50
|0 0
|1 0
|4 0
|d 2022-03-30
|l 0
|r 2025-03-20 00:00:00
|w 2026-02-24
|